Bangladesh studies / (Record no. 612)
[ view plain ]
| 000 -LEADER | |
|---|---|
| fixed length control field | 00800nam a2200253 a 4500 |
| 001 - CONTROL NUMBER | |
| control field | 16005 |
| 003 - CONTROL NUMBER IDENTIFIER | |
| control field | BD-DhUAP |
| 005 - DATE AND TIME OF LATEST TRANSACTION | |
| control field | 20200125163321.0 |
| 008 - FIXED-LENGTH DATA ELEMENTS--GENERAL INFORMATION | |
| fixed length control field | 200125s2011 bg a b 000 0 eng |
| 020 ## - INTERNATIONAL STANDARD BOOK NUMBER | |
| International Standard Book Number | 9789893321923 |
| 040 ## - CATALOGING SOURCE | |
| Original cataloging agency | BD-DhAAL |
| Transcribing agency | BD-DhAAL |
| Modifying agency | BD-DhUAP |
| 082 00 - DEWEY DECIMAL CLASSIFICATION NUMBER | |
| Classification number | 306.095492 KHA |
| Edition number | 23 |
| 100 1# - MAIN ENTRY--PERSONAL NAME | |
| Personal name | Khan, Shamsul kabir. |
| 245 10 - TITLE STATEMENT | |
| Title | Bangladesh studies / |
| Statement of responsibility, etc. | Shamsul kabir Khan and Daulatunnaher khanam. |
| 260 ## - PUBLICATION, DISTRIBUTION, ETC. | |
| Place of publication, distribution, etc. | Dhaka : |
| Name of publisher, distributor, etc. | Chaity chayon prokashoni, |
| Date of publication, distribution, etc. | c2011. |
| 300 ## - PHYSICAL DESCRIPTION | |
| Extent | 564 pages : |
| Other physical details | illustrations ; |
| Dimensions | 22 cm. |
| 504 ## - BIBLIOGRAPHY, ETC. NOTE | |
| Bibliography, etc. note | Includes bibliographical references. |
| 651 #0 - SUBJECT ADDED ENTRY--GEOGRAPHIC NAME | |
| Geographic name | Bangladesh |
| General subdivision | Social condition |
| 651 #0 - SUBJECT ADDED ENTRY--GEOGRAPHIC NAME | |
| Geographic name | Bangladesh |
| General subdivision | Economic condition |
| 700 1# - ADDED ENTRY--PERSONAL NAME | |
| Personal name | khanam, Daulatunnaher. |
| 942 ## - ADDED ENTRY ELEMENTS (KOHA) | |
| Source of classification or shelving scheme | |
| Koha item type | Book |
| Withdrawn status | Lost status | Source of classification or shelving scheme | Damaged status | Not for loan | Permanent Location | Current Location | Shelving location | Date acquired | Full call number | Barcode | Date last seen | Copy number | Price effective from | Koha item type | Total Checkouts | Total Renewals | Date last checked out |
|---|---|---|---|---|---|---|---|---|---|---|---|---|---|---|---|---|---|
| UAP Central Library | UAP Central Library | General Stacks | 2020-01-25 | 306.095492 KHA | 3010016005 | 2020-01-25 | 1 | 2020-01-25 | Book | ||||||||
| UAP Central Library | UAP Central Library | General Stacks | 2020-01-25 | 306.095492 KHA | 3010016002 | 2020-01-25 | 2 | 2020-01-25 | Book | ||||||||
| UAP Central Library | UAP Central Library | General Stacks | 2020-01-25 | 306.095492 KHA | 3010016003 | 2025-06-25 | 3 | 2020-01-25 | Book | 1 | 1 | 2025-06-01 | |||||
| UAP Central Library | UAP Central Library | General Stacks | 2020-01-25 | 306.095492 KHA | 3010016007 | 2020-01-25 | 4 | 2020-01-25 | Book | ||||||||
| UAP Central Library | UAP Central Library | General Stacks | 2020-01-25 | 306.095492 KHA | 3010016006 | 2020-01-25 | 5 | 2020-01-25 | Book | ||||||||
| UAP Central Library | UAP Central Library | General Stacks | 2020-01-25 | 306.095492 KHA | 3010016004 | 2020-01-25 | 6 | 2020-01-25 | Book | ||||||||
| UAP Central Library | UAP Central Library | General Stacks | 2020-01-25 | 306.095492 KHA | 3010016001 | 2020-01-25 | 7 | 2020-01-25 | Book | ||||||||
| UAP Central Library | UAP Central Library | General Stacks | 2020-01-25 | 306.095492 KHA | 3010016000 | 2020-01-25 | 8 | 2020-01-25 | Book | ||||||||
| UAP Central Library | UAP Central Library | General Stacks | 2020-01-25 | 306.095492 KHA | 3010015999 | 2020-01-25 | 9 | 2020-01-25 | Book | ||||||||
| UAP Central Library | UAP Central Library | General Stacks | 2020-01-25 | 306.095492 KHA | 3010015998 | 2020-01-25 | 10 | 2020-01-25 | Book |
Bengali Keyboard